000
00265nam a22001097a 4500
008
240701b |||||||| |||| 00| 0 eng d
100
_a
Asrani, Vishiudas
_9
16186
245
_a
Tahkanji Tijori
260
_a
Bombay:
_b
Shobha Pub,
_c
1969.
300
_a
92p.
942
_c
BK
999
_c
40207
_d
40207